000 00290nam a2200133Ia 4500
100 _aBanks/D.D & banks D.S
942 _cRB
654 _ahydraulic
245 _aIndustrial hydraulic systems
260 _bprentice hall
_aLondon
_c1988
300 _a172
546 _aENGLISH
999 _c27460
_d27460